书目信息 |
| 题名: |
产品三维造型与结构设计
|
|
| 作者: | 黄有华 , 顾晔 , 黄琳莲 主编 | |
| 分册: | ||
| 出版信息: | 北京 北京理工大学出版社 2024.11 |
|
| 页数: | 263页 | |
| 开本: | 26cm | |
| 丛书名: | ||
| 单 册: | ||
| 中图分类: | TB472-39 | |
| 科图分类: | ||
| 主题词: | 工业产品--gong ye chan pin--造型设计--计算机辅助设计--应用软件 | |
| 电子资源: | ||
| ISBN: | 978-7-5763-3646-7 | |
| 000 | 00997nam0 2200265 450 | |
| 001 | 90860 | |
| 005 | 20250816132451.49 | |
| 010 | @a978-7-5763-3646-7@dCNY86.00 | |
| 100 | @a20250228d2024 em y0chiy50 ea | |
| 101 | 0 | @achi |
| 102 | @aCN@b110000 | |
| 105 | @aa a 000yy | |
| 106 | @ar | |
| 200 | 1 | @a产品三维造型与结构设计@Achan pin san wei zao xing yu jie gou she ji@f主编黄有华, 顾晔, 黄琳莲 |
| 210 | @a北京@c北京理工大学出版社@d2024.11 | |
| 215 | @a263页@c图@d26cm | |
| 320 | @a有书目 (第263页) | |
| 330 | @a本书共5个模块、33个任务, 由浅入深地介绍了UG NX的各种操作, 包括UG NX 10.0基本操作、实体建模、曲面建模、装配建模、工程图创建等内容, 同时讲解了大量工程案例, 以提升读者的实战技能。 | |
| 606 | 0 | @a工业产品@Agong ye chan pin@x造型设计@x计算机辅助设计@x应用软件 |
| 690 | @aTB472-39@v5 | |
| 701 | 0 | @a黄有华@Ahuang you hua@4主编 |
| 701 | 0 | @a顾晔@Agu ye@4主编 |
| 701 | 0 | @a黄琳莲@Ahuang lin lian@4主编 |
| 801 | 0 | @aCN@c20250909 |
| 905 | @a河南城建学院图书馆@dTB472-39@eH910@f1 | |
| 产品三维造型与结构设计/主编黄有华, 顾晔, 黄琳莲.-北京:北京理工大学出版社,2024.11 |
| 263页:图;26cm |
| ISBN 978-7-5763-3646-7:CNY86.00 |
| 本书共5个模块、33个任务, 由浅入深地介绍了UG NX的各种操作, 包括UG NX 10.0基本操作、实体建模、曲面建模、装配建模、工程图创建等内容, 同时讲解了大量工程案例, 以提升读者的实战技能。 |
| ● |
| 相关链接 |
|
|
|
正题名:产品三维造型与结构设计
索取号:TB472-39/H910
 
预约/预借
| 序号 | 登录号 | 条形码 | 馆藏地/架位号 | 状态 | 备注 |
| 1 | 1624822 | 216248228 | 自科库501/501自科库 17排1列3层/ [索取号:TB472-39/H910] | 在馆 |